ბათუმის შოთა რუსთაველის სახელმწიფო უნივერსიტეტის ბიბლიოთეკა

ქართული დისკურსის კულტუროლოგიური პარადიგმა / (ბიბ.ჩანაწერი № 43754)

000 -ლიდერი
ფიქსირებული სიგრძის საკონტროლო ველი 01080nam a2200253Ia 4500
001 - საკონტროლო ნომერი
საკონტროლო ველი 10499
003 - საკონტროლო ნომრის იდენტიფიკატორი
საკონტროლო ველი GE_BSU
005 - ბოლო ოპერაციის თარიღი და დრო
საკონტროლო ველი 20260427125435.0
008 - ფიქსირებული სიგრძის მონაცემთა ელემენტები - ზოგადი ინფორმაცია
ფიქსირებული სიგრძის საკონტროლო ველი 181216s2009||||ge |||||||||||||| ||geo||
020 ## - წიგნის საერთაშორისო სტანდარტული ნომერი
International Standard Book Number 9789941015090
040 ## - კატალოგიზაციის წყარო
Transcribing agency GE_BSU
041 ## - ენის კოდი
Language code of text/sound track or separate title geo
080 ## - უნივერსალური ათობითი კლასიფიკაციის ინდექსი
Universal Decimal Classification number 81'27+811.353.1 ო-46
100 ## - მთავარი ჩანაწერი - პიროვნების სახელი
Personal name ომიაძე, სალომე
9 (RLIN) 12195
245 ## - ცნობა სათაურის შესახებ
Title ქართული დისკურსის კულტუროლოგიური პარადიგმა /
Statement of responsibility, etc სალომე ომიაძე; [რედ. გუჩა კვარაცხელია].
264 ## - წარმოების, გამოცემის, დისტრიბუციის და სხვა ცნობები
გამოცემის, წარმოების, დისტრიბუციის... ადგილი თბილისი,
გამოცემის, წარმოების, დისტრიბუციის... თარიღი 2009.
300 ## - ფიზიკური აღწერა
Extent 207 გვ.;
Other physical details 21 სმ.
504 ## - BIBLIOGRAPHY, ETC. NOTE
Bibliography, etc ბიბლიოგრ.: გვ. 197-206.
653 ## - INDEX TERM--UNCONTROLLED
Uncontrolled term ენა და კულტურა
653 ## - INDEX TERM--UNCONTROLLED
Uncontrolled term ქართული ენის ლინგვოკულტუროლოგიური გამოკვლევა
700 ## - ADDED ENTRY--PERSONAL NAME
Personal name კვარაცხელია, გუჩა
Relator term რედაქტორი
9 (RLIN) 27380
942 ## - ADDED ENTRY ELEMENTS (KOHA)
Koha item type წიგნი
Source of classification or shelving scheme
ეგზემპლარები
ჩამოწერის სტატუსი დაკარგული ეგზემპლარის სტატუსი კლასიფიკაციის წყარო ან თაროზე გაწყობის სქემა დაზიანების სტატუსი არ გაიცემა მუდმივი მდებარეობა (დაცვის ადგილი) ამჟამინდელი ადგილსამყოფელი თაროზე განთავსების ადგილი შეძენის თარიღი ღირებულება, შესყიდვის ნორმალური ფასი სრული შენახვის შიფრი შტრიხკოდი ბოლო ოპერაციის თარიღი ეგზემპლარის მიმდევრობითი ნომერი (კეტერი?) ფასის ძალაში შესვლის თარიღი ეგზემპლარის სახეობა საჯარო შენიშვნა
          ბათუმის შოთა რუსთაველის სახელმწიფო უნივერსიტეტის მთავარი ბიბლიოთეკა ბათუმის შოთა რუსთაველის სახელმწიფო უნივერსიტეტის მთავარი ბიბლიოთეკა წიგნსაცავი 2018-12-17 14.00 81'27+811.353.1 ო-46 34361 2018-12-17 34361 2018-12-17 წიგნი 14 ლ.
          ბათუმის შოთა რუსთაველის სახელმწიფო უნივერსიტეტის მთავარი ბიბლიოთეკა ბათუმის შოთა რუსთაველის სახელმწიფო უნივერსიტეტის მთავარი ბიბლიოთეკა წიგნსაცავი 2018-12-17 14.00 81'27+811.353.1 ო-46 34362 2018-12-17 34362 2018-12-17 წიგნი 14 ლ.
          ბათუმის შოთა რუსთაველის სახელმწიფო უნივერსიტეტის მთავარი ბიბლიოთეკა ბათუმის შოთა რუსთაველის სახელმწიფო უნივერსიტეტის მთავარი ბიბლიოთეკა წიგნსაცავი 2018-12-17 14.00 81'27+811.353.1 ო-46 34363 2018-12-17 34363 2018-12-17 წიგნი 14 ლ.
          ბათუმის შოთა რუსთაველის სახელმწიფო უნივერსიტეტის მთავარი ბიბლიოთეკა ბათუმის შოთა რუსთაველის სახელმწიფო უნივერსიტეტის მთავარი ბიბლიოთეკა წიგნსაცავი 2018-12-17 14.00 81'27+811.353.1 ო-46 34364 2018-12-17 34364 2018-12-17 წიგნი 14 ლ.
          ბათუმის შოთა რუსთაველის სახელმწიფო უნივერსიტეტის მთავარი ბიბლიოთეკა ბათუმის შოთა რუსთაველის სახელმწიფო უნივერსიტეტის მთავარი ბიბლიოთეკა წიგნსაცავი 2018-12-17 14.00 81'27+811.353.1 ო-46 34365 2018-12-17 34365 2018-12-17 წიგნი 14 ლ.
          ბათუმის შოთა რუსთაველის სახელმწიფო უნივერსიტეტის მთავარი ბიბლიოთეკა ბათუმის შოთა რუსთაველის სახელმწიფო უნივერსიტეტის მთავარი ბიბლიოთეკა წიგნსაცავი 2026-04-27 8.00 81'27+811.353.1 ო-46 1688 2026-04-27 1688 2026-04-27 წიგნი 8 ლ.